| 000 | 00863caa a22002417a 4500 | ||
|---|---|---|---|
| 999 |
_c409904 _d409904 |
||
| 001 | 123103 | ||
| 003 | UA-OsUOA | ||
| 005 | 20200111213340.0 | ||
| 007 | ta | ||
| 008 | 20170531b un ||||| |||| 00| 0 ukr d | ||
| 040 |
_aUA-OsUOA _bukr _cUA-OsUOA _dUA-OsUOA |
||
| 041 | _aukr | ||
| 080 | _a908 | ||
| 090 |
_a908 _bХ12 |
||
| 100 | _aХаврук Я. | ||
| 245 |
_aДо питання відкриття і подальшого дослідження чудотворного образу Острозької Божої Матері _cЯ. Хаврук |
||
| 300 | _aС. 53–55 | ||
| 650 | 7 | _2UDC | |
| 773 | 0 |
_0340235 _9367088 _dОстрог НаУОА 2007 _o113686 _tОстрозький краєзнавчий збірник _w(UA-OsUOA) 54426 |
|
| 942 |
_cBKA _2udc |
||
| 955 | _a1 | ||